[Event "Thessaloniki Vardaris op 7th"]
[Site "Thessaloniki"]
[Date "2024.03.15"]
[Round "2"]
[White "Sampsonoglou, Vasilios"]
[Black "Loukopoulos, Panagiotis Athanasi"]
[Result "0-1"]
[WhiteElo "1665"]
[BlackElo "2094"]
[PlyCount "88"]
[EventDate "2024.03.14"]
[EventType "swiss"]
[EventRounds "7"]
[EventCountry "GRE"]
[SourceTitle "CB13_2024"]
[SourceDate "2024.03.27"]
[SourceVersion "1"]
[SourceVersionDate "2024.03.27"]
[SourceQuality "1"]

1. Nf3 d5 2. g3 Nf6 3. Bg2 c6 4. d3 Bg4 5. 0-0 Nbd7 6. c4 e6 7. cxd5 cxd5 8. h3 Bxf3 9. exf3 Be7 10. f4 0-0 11. Be3 Nb6 12. Bd4 Ne8 13. Qb3 Nd6 14. Nd2 Nf5 15. Bc3 a5 16. Nf3 a4 17. Qd1 Qd7 18. Nd4 Nxd4 19. Bxd4 Nc8 20. b3 Nd6 21. Rc1 Nb5 22. Bb2 a3 23. Ba1 Rfc8 24. Qg4 Bf8 25. Kh2 Rxc1 26. Rxc1 Rc8 27. Qd1 Bb4 28. Qg4 Bf8 29. Rxc8 Qxc8 30. f5 exf5 31. Qe2 d4 32. Qe5 Qc1 33. Bxd4 Nxd4 34. Qxd4 Qb2 35. Qf4 g6 36. Bd5 Qxa2 37. Bxf7+ Kxf7 38. Qc4+ Kf6 39. Qd4+ Ke6 40. Qc4+ Kd6 41. Qd4+ Kc6 42. Qc4+ Bc5 43. Qa4+ Kb6 44. d4 Qxf2+ 0-1

[Event "GRE-chT 49th"]
[Site "Thessaloniki"]
[Date "2022.08.16"]
[Round "6"]
[White "Koudounis, Vasileios"]
[Black "Sampsonoglou, Vasilios"]
[Result "1-0"]
[WhiteElo "2030"]
[BlackElo "1592"]
[PlyCount "113"]
[EventDate "2022.08.12"]
[EventType "team-swiss"]
[EventRounds "7"]
[EventCountry "GRE"]
[SourceTitle "EXT 2024"]
[Source "ChessBase"]
[SourceDate "2023.10.10"]
[SourceVersion "1"]
[SourceVersionDate "2023.10.10"]
[SourceQuality "1"]
[WhiteTeam "Eso Papafe Chronikon"]
[BlackTeam "Thessaloniki Sach"]
[WhiteTeamCountry "GRE"]
[BlackTeamCountry "GRE"]

1. d4 d5 2. c4 Nc6 3. Nc3 dxc4 4. e3 e5 5. d5 Nb4 6. Bxc4 Qh4 7. Be2 c6 8. Nf3 Qf6 9. a3 Nxd5 10. Nxd5 cxd5 11. Bb5+ Kd8 12. Qxd5+ Bd6 13. Ng5 Ke7 14. Ne4 Qe6 15. Qxd6+ Qxd6 16. Nxd6 Kxd6 17. Bd2 Kc5 18. a4 a6 19. Rc1+ Kb6 20. Bc4 f6 21. Bb4 a5 22. Bf8 h5 23. Bd3 Nh6 24. Bxg7 Rd8 25. Bc4 Ng8 26. Bxg8 Rxg8 27. Bxf6 Rxg2 28. Bxe5 Rg4 29. Bd4+ Ka6 30. Rc5 h4 31. Rh5 Bd7 32. Rh6+ Bc6 33. Ke2 Re8 34. Kd3 Rg2 35. e4 Rd8 36. Ke3 h3 37. f3 Rc8 38. Rc1 Rxh2 39. Rc5 Rh1 40. Rb5 Rd8 41. Rd5 Rxd5 42. exd5 h2 43. dxc6 bxc6 44. Kd2 Kb7 45. Rh7+ Kc8 46. Be5 Rf1 47. Rxh2 Rxf3 48. Rh7 Rf5 49. Bc3 Kb8 50. Kd3 Rg5 51. Kc4 Rg4+ 52. Kc5 Rxa4 53. Kb6 Kc8 54. Kxc6 Kd8 55. Kb5 Ra2 56. Ra7 Kc8 57. Rxa5 1-0

[Event "GRE-ch U18"]
[Site "Kavala"]
[Date "2022.05.02"]
[Round "9"]
[White "Sampsonoglou, Vasilios"]
[Black "Tragoudaras, Nikolaos"]
[Result "0-1"]
[WhiteElo "1551"]
[BlackElo "1751"]
[PlyCount "132"]
[EventDate "2022.04.26"]
[EventType "swiss"]
[EventRounds "9"]
[EventCountry "GRE"]
[SourceTitle "CBM 208 Extra"]
[Source "ChessBase"]
[SourceDate "2022.07.31"]
[SourceVersion "1"]
[SourceVersionDate "2022.07.31"]
[SourceQuality "1"]

1. e4 c5 2. Nf3 d6 3. d4 cxd4 4. Nxd4 Nf6 5. Nc3 a6 6. Be2 e5 7. Nb3 Be7 8. Be3 Be6 9. f3 Nbd7 10. Qd2 Rc8 11. g4 Nb6 12. h4 Nfd7 13. 0-0-0 Nc4 14. Bxc4 Bxc4 15. Nd5 Bxd5 16. exd5 0-0 17. g5 Nb6 18. Na5 Qc7 19. Kb1 Bd8 20. h5 Na4 21. Nb3 f5 22. g6 h6 23. f4 exf4 24. Bxf4 Bf6 25. c3 Nc5 26. Nxc5 Qxc5 27. Rhe1 b5 28. Re6 Rfd8 29. Rde1 Bh4 30. R1e2 b4 31. Bxd6 bxc3 32. bxc3 Qb5+ 33. Ka1 Bg5 34. Qc2 Qc4 35. Be7 Bxe7 36. Rxe7 Qxd5 37. R7e5 Qh1+ 38. Re1 Qxh5 39. Rxf5 Rxc3 40. Qe4 Rd1+ 41. Kb2 Qh2+ 42. Kxc3 Qc7+ 43. Kb3 Qb6+ 44. Kc2 Qb1+ 45. Kc3 Rc1+ 46. Rxc1 Qxe4 47. Rcf1 Qc6+ 48. Kb4 Qxg6 49. Ka5 Qc6 50. a4 Kh7 51. R1f4 Kg6 52. Rf8 Qd6 53. Rg4+ Kh7 54. Rgf4 Qe6 55. Rf1 h5 56. R1f5 Qg6 57. Rf4 Qh6 58. R8f5 h4 59. Rf2 h3 60. Rh2 Qh4 61. Rff2 g5 62. Rf7+ Kg6 63. Rhf2 g4 64. Rf8 h2 65. Rg8+ Kh7 66. Rxg4 Qxf2 0-1

[Event "GRE-ch Online Blitz op 1st"]
[Site "Tornelo INT"]
[Date "2021.02.07"]
[Round "4"]
[White "Sampsonoglou, Vasilios"]
[Black "Dimanoudis, Agelos"]
[Result "1-0"]
[WhiteElo "1309"]
[BlackElo "1626"]
[PlyCount "169"]
[EventDate "2021.02.07"]
[EventType "swiss (blitz)"]
[EventRounds "16"]
[EventCountry "GRE"]
[SourceTitle "EXT 2023"]
[Source "ChessBase"]
[SourceDate "2022.10.05"]
[SourceVersion "1"]
[SourceVersionDate "2022.10.05"]
[SourceQuality "1"]

1. e4 e6 2. b3 d5 3. Bb2 Nf6 4. e5 Nfd7 5. d4 c5 6. c3 Nc6 7. Nf3 Rb8 8. a4 a5 9. Be2 Qb6 10. 0-0 Be7 11. h3 0-0 12. Qc2 f6 13. exf6 Nxf6 14. dxc5 Qxc5 15. Bd3 e5 16. Ba3 Qb6 17. Bxe7 Nxe7 18. Nxe5 Nc6 19. Nf3 Bd7 20. Nbd2 Rbc8 21. Qb1 Qc7 22. Re1 Rfe8 23. c4 Nb4 24. cxd5 Nxd3 25. Qxd3 Qc3 26. Rxe8+ Bxe8 27. Qe2 Bg6 28. Nb1 Qb4 29. Nbd2 Re8 30. Qd1 Nxd5 31. Rc1 Nc3 32. Qf1 Ne4 33. Nxe4 Rxe4 34. Qd1 Re8 35. Qd5+ Kh8 36. Qc4 Qxc4 37. Rxc4 Bf7 38. Rc7 Bxb3 39. Rxb7 Bxa4 40. Ra7 Bd1 41. Rxa5 Bxf3 42. gxf3 h6 43. Kg2 Re2 44. Kg3 Kh7 45. Ra6 Rb2 46. f4 Rb4 47. h4 h5 48. f3 g6 49. Ra7+ Kh6 50. Ra5 Kh7 51. Re5 Kg7 52. f5 gxf5 53. Rxf5 Kh6 54. Ra5 Kg6 55. Rg5+ Kh6 56. Rg8 Kh7 57. Re8 Kg6 58. Re5 Kh6 59. Rc5 Kg6 60. Rc3 Kh6 61. f4 Kg6 62. Kf3 Kf5 63. Rc5+ Kg6 64. Re5 Kf6 65. Rxh5 Rb3+ 66. Kg2 Re3 67. Ra5 Re2+ 68. Kf3 Rh2 69. Kg3 Rh1 70. h5 Kg7 71. Ra6 Kh7 72. Kg4 Rg1+ 73. Kf5 Rf1 74. Ra5 Kh6 75. Ke6 Re1+ 76. Kf6 Rf1 77. Kf5 Re1 78. Kf6 Rf1 79. f5 Kxh5 80. Kf7 Kh6 81. Ra6+ Kh7 82. f6 Re1 83. Kf8 Kh8 84. f7 Rf1 85. Rh6# 1-0

[Event "GRE-ch Online Blitz op 1st"]
[Site "Tornelo INT"]
[Date "2021.02.07"]
[Round "14"]
[White "Sampsonoglou, Vasilios"]
[Black "Giannoulis, Ilias"]
[Result "1-0"]
[WhiteElo "1309"]
[BlackElo "1811"]
[PlyCount "65"]
[EventDate "2021.02.07"]
[EventType "swiss (blitz)"]
[EventRounds "16"]
[EventCountry "GRE"]
[SourceTitle "EXT 2023"]
[Source "ChessBase"]
[SourceDate "2022.10.05"]
[SourceVersion "1"]
[SourceVersionDate "2022.10.05"]
[SourceQuality "1"]

1. e4 c5 2. Nf3 d6 3. d4 cxd4 4. Nxd4 Nf6 5. Nc3 a6 6. Be2 e6 7. 0-0 Be7 8. Be3 0-0 9. h3 Nc6 10. Kh1 Nxd4 11. Bxd4 b5 12. a3 Bb7 13. Bd3 Rc8 14. f4 Qc7 15. Qe2 e5 16. fxe5 dxe5 17. Bg1 Bc5 18. Bh2 Bd4 19. Rf5 Bxc3 20. bxc3 Rfe8 21. Raf1 Qxc3 22. Qf2 Nxe4 23. Bxe4 Bxe4 24. Rxf7 Qxc2 25. Rxg7+ Kh8 26. Qf6 Re6 27. Qxe6 Kxg7 28. Qf7+ Kh6 29. Qf6+ Bg6 30. Qh4+ Kg7 31. Bxe5+ Kg8 32. Qf6 Bf5 33. Qg7# 1-0

[Event "GRE-ch Online Blitz op 1st"]
[Site "Tornelo INT"]
[Date "2021.02.07"]
[Round "16"]
[White "Sampsonoglou, Vasilios"]
[Black "Pelekis, Georgios"]
[Result "1-0"]
[WhiteElo "1309"]
[BlackElo "1650"]
[PlyCount "57"]
[EventDate "2021.02.07"]
[EventType "swiss (blitz)"]
[EventRounds "16"]
[EventCountry "GRE"]
[SourceTitle "EXT 2023"]
[Source "ChessBase"]
[SourceDate "2022.10.05"]
[SourceVersion "1"]
[SourceVersionDate "2022.10.05"]
[SourceQuality "1"]

1. e4 d6 2. Nf3 Nf6 3. Nc3 g6 4. d4 Bg7 5. Be3 0-0 6. Qd2 Bg4 7. Be2 Nc6 8. h3 Bxf3 9. Bxf3 e5 10. d5 Ne7 11. Bh6 c6 12. Bxg7 Kxg7 13. g4 cxd5 14. exd5 Qa5 15. 0-0-0 b5 16. g5 Nd7 17. h4 b4 18. Ne4 Nf5 19. Kb1 Rfc8 20. h5 Qb6 21. hxg6 hxg6 22. Bg4 Nd4 23. Rc1 Qc7 24. Bxd7 Qxd7 25. Nf6 Qf5 26. Rh7+ Kf8 27. Qxb4 Ke7 28. Qb7+ Kf8 29. Qxf7# 1-0

[Event "GRE-ch Online Rapid op 1st"]
[Site "Tornelo INT"]
[Date "2021.02.06"]
[Round "8"]
[White "Sampsonoglou, Vasilios"]
[Black "Giannakouras, Angelos"]
[Result "1-0"]
[WhiteElo "1286"]
[BlackElo "1057"]
[PlyCount "39"]
[EventDate "2021.02.06"]
[EventType "swiss (rapid)"]
[EventRounds "8"]
[EventCountry "GRE"]
[SourceTitle "EXT 2023"]
[Source "ChessBase"]
[SourceDate "2022.10.05"]
[SourceVersion "1"]
[SourceVersionDate "2022.10.05"]
[SourceQuality "1"]

1. e4 c6 2. d4 d5 3. exd5 cxd5 4. Bd3 Nc6 5. c3 Nf6 6. h3 g6 7. Bf4 Bf5 8. Bxf5 gxf5 9. Nf3 e6 10. Nbd2 Bd6 11. Bxd6 Qxd6 12. Qe2 Rg8 13. g3 h5 14. Ne5 Rh8 15. Ndf3 Ne4 16. h4 Rg8 17. Nxc6 bxc6 18. Ne5 f6 19. Qxh5+ Ke7 20. Qf7+ 1-0

[Event "GRE-ch Online Rapid op 1st"]
[Site "Tornelo INT"]
[Date "2021.02.06"]
[Round "4"]
[White "Sampsonoglou, Vasilios"]
[Black "Vaidanis, Ektor"]
[Result "1-0"]
[WhiteElo "1286"]
[BlackElo "1176"]
[PlyCount "47"]
[EventDate "2021.02.06"]
[EventType "swiss (rapid)"]
[EventRounds "8"]
[EventCountry "GRE"]
[SourceTitle "EXT 2023"]
[Source "ChessBase"]
[SourceDate "2022.10.05"]
[SourceVersion "1"]
[SourceVersionDate "2022.10.05"]
[SourceQuality "1"]

1. e4 c5 2. Nf3 d6 3. d4 cxd4 4. Nxd4 Nf6 5. Nc3 g6 6. f3 Bg7 7. Be3 Nc6 8. Qd2 Bd7 9. h4 Nxd4 10. Bxd4 h5 11. Be2 a6 12. a3 Rg8 13. 0-0-0 Qc7 14. g4 hxg4 15. fxg4 Bxg4 16. Bxg4 Nxg4 17. Bxg7 Rxg7 18. Nd5 Qd8 19. h5 Kd7 20. Qd4 Ne5 21. Nb6+ Ke8 22. Nxa8 Qxa8 23. hxg6 Kd7 24. Qxe5 1-0

[Event "GRE-chT U16"]
[Site "Thessaloniki"]
[Date "2019.11.29"]
[Round "2.2"]
[White "Koutras, Konstantinos"]
[Black "Sampsonoglou, Vasilios"]
[Result "1-0"]
[WhiteElo "1291"]
[BlackElo "1346"]
[PlyCount "123"]
[EventDate "2019.11.28"]
[EventType "team-swiss"]
[EventRounds "6"]
[EventCountry "GRE"]
[SourceTitle "CBM 193 Extra"]
[Source "ChessBase"]
[SourceDate "2020.01.31"]
[SourceVersion "1"]
[SourceVersionDate "2020.01.31"]
[SourceQuality "1"]
[WhiteTeam "Patron"]
[BlackTeam "Thessaloniki Sach"]
[WhiteTeamCountry "GRE"]
[BlackTeamCountry "GRE"]

1. e4 e5 2. Nf3 Nc6 3. d4 exd4 4. Bc4 Nf6 5. e5 Ne4 6. c3 d5 7. Bb3 Bg4 8. cxd4 Bb4+ 9. Kf1 h6 10. h3 Bh5 11. g4 Bg6 12. Be3 h5 13. g5 h4 14. a3 Be7 15. Nc3 Nxc3 16. bxc3 Qd7 17. c4 Na5 18. Ba4 c6 19. c5 Bf5 20. Ng1 Nc4 21. Qb3 Be4 22. Rh2 0-0 23. f3 Nxe3+ 24. Qxe3 Qf5 25. Rg2 Bd3+ 26. Ke1 Bd8 27. Rd1 Ba5+ 28. Kf2 Bc2 29. Bxc2 Qxc2+ 30. Qe2 Qb3 31. Rd3 Qb1 32. Qd1 Qa2+ 33. Kf1 Qc4 34. f4 g6 35. Qc2 Qxc2 36. Rxc2 Rad8 37. Nf3 Kg7 38. Nxh4 Rh8 39. Ng2 Kf8 40. Rf3 Ke7 41. Rcf2 b5 42. Ne3 Rh7 43. f5 gxf5 44. Nxf5+ Ke6 45. Nh6 Rd7 46. Rf6+ Ke7 47. Rxf7+ Kd8 48. Rxd7+ Kxd7 49. h4 b4 50. axb4 Bxb4 51. Rb2 a5 52. h5 Ke6 53. Rf2 a4 54. g6 Rg7 55. Rf6+ Kd7 56. Nf5 Rg8 57. Rf7+ Ke6 58. Ng7+ Rxg7 59. Rxg7 a3 60. Ra7 a2 61. Rxa2 Ke7 62. Rf2 1-0

[Event "Thessaloniki/Chalkidiki-chT"]
[Site "Thessaloniki/Chalkidiki"]
[Date "2019.01.27"]
[Round "3.4"]
[White "Konstantinidis, Konstantinos"]
[Black "Sampsonoglou, Vasilios"]
[Result "1-0"]
[WhiteElo "2056"]
[BlackElo "1241"]
[PlyCount "51"]
[EventDate "2019.01.13"]
[EventType "team-tourn"]
[EventRounds "9"]
[EventCountry "GRE"]
[SourceTitle "EXT 2020"]
[Source "ChessBase"]
[SourceDate "2019.10.17"]
[SourceVersion "1"]
[SourceVersionDate "2019.10.17"]
[SourceQuality "1"]
[WhiteTeam "Thessaloniki Aris"]
[BlackTeam "Thessaloniki SO Sach"]
[WhiteTeamCountry "GRE"]
[BlackTeamCountry "GRE"]

1. e4 e5 2. Nf3 Nc6 3. Bb5 g6 4. 0-0 Bg7 5. c3 Nge7 6. d4 exd4 7. cxd4 0-0 8. d5 Ne5 9. Nxe5 Bxe5 10. Nc3 c6 11. Bc4 Qc7 12. f4 cxd5 13. Nxd5 Qxc4 14. Nxe7+ Kg7 15. fxe5 Qc5+ 16. Kh1 Qxe7 17. Qd4 Kg8 18. b4 b6 19. Bb2 Kg7 20. Rf6 d6 21. exd6 Qd8 22. Rxg6+ Kxg6 23. Qg7+ Kh5 24. Bf6 Rg8 25. Qxh7+ Kg4 26. Qh4# 1-0